00632nam a2200169 i 450000100060000000300090000600500170001500700030003200800410003524501210007626000340019730000300023170000300026185200320029199900170032395201220034082648ES-MaACL20230906174717.0t|041111s1971 sp ||||1| spa d00aIniciación a la práctica de las estadísticas / ccurso programado por Sema ; [traducido por José Armisén]. aMadrid : bParaninfo, c1971. a243 p. : bil. ; c22 cm.1 aArmisén, José.922990 aES-MaACLjC-45168 bR.78712 c82648d82648 00104070aATENEOMbATENEOMcDEPO2d2008-01-17eSCl0oC-45168p1086376r2023-02-23 00:00:00w2023-02-23yMONOGRAFIA